От села Кондырево до города Кондрово (Запись № 12649680)

Подробности
000 -МАРКЕР
контрольное поле 02264nam0a2200373 4500
001 - ИДЕНТИФИКАТОР ЗАПИСИ
контрольное поле RU\NLR\BIBL_A\022067880
005 - ИДЕНТИФИКАТОР ВЕРСИИ
контрольное поле 20251020144917.0
010 ## - МЕЖДУНАРОДНЫЙ СТАНДАРТНЫЙ НОМЕР КНИГИ (ISBN)
Номер (ISBN) 978-5-907678-30-9
Тираж 500
021 ## - НОМЕР ГОСУДАРСТВЕННОЙ РЕГИСТРАЦИИ
Код страны Российская Федерация
Номер КН-П-23-063491
Номер Листа государственной регистраци КН-П-23-6442
035 ## - ДРУГИЕ СИСТЕМНЫЕ НОМЕРА
Идентификатор записи (NLR Aleph) 022067880
100 ## - ДАННЫЕ ОБЩЕЙ ОБРАБОТКИ
Данные общей обработки 20231108d2023 k y0rusy50 ca
101 0# - ЯЗЫК РЕСУРСА
Язык текста, звукозаписи и т.д. русский
102 ## - СТРАНА ПУБЛИКАЦИИ ИЛИ ПРОИЗВОДСТВА
Страна публикации Российская Федерация
105 ## - ПОЛЕ КОДИРОВАННЫХ ДАННЫХ: ТЕКСТОВЫЕ МАТЕРИАЛЫ, МОНОГРАФИЧЕСКИЕ
Кодированные данные о монографическом текстовом документе ach|z|||100zy
181 #0 - ПОЛЕ КОДИРОВАННЫХ ДАННЫХ: ВИД СОДЕРЖАНИЯ
Код вида содержания (ISBD) i3
Код характеристики содержания (ISBD) axxe
182 #0 - ПОЛЕ КОДИРОВАННЫХ ДАННЫХ: ТИП СРЕДСТВА
Код типа средства (ISBD) n - непосредственное
200 1# - ЗАГЛАВИЕ И СВЕДЕНИЯ ОБ ОТВЕТСТВЕННОСТИ
Основное заглавие От села Кондырево до города Кондрово
Сведения, относящиеся к заглавию материалы шестой районной краеведческой конференции, 25-26 ноября 2021 года
Первые сведения об ответственности Районный краеведческий музей г. Кондрово Калужской области
Последующие сведения об ответственности ред. коллегия: Орлова Е. А. [и др.]
203 ## - ВИД СОДЕРЖАНИЯ И ТИП СРЕДСТВА
Вид содержания Текст
Дополнительные сведения об издании визуальный
Тип средства непосредственный
210 ## - ПУБЛИКАЦИЯ, РАСПРОСТРАНЕНИЕ И ДР.
Место издания, распространения и т.д. Калуга
Имя издателя, распространителя и т. д. Стрельцов И. А. (Изд-во "Эйдос")
Дата издания, распространения и т.д. 2023
215 ## - ФИЗИЧЕСКАЯ ХАРАКТЕРИСТИКА
Специфическое обозначение материала и объем 419 с.
Другие сведения о физической характеристике ил., цв. ил., табл., портр., факс., карты
Размеры 21
320 ## - ПРИМЕЧАНИЯ О НАЛИЧИИ В ДОКУМЕНТЕ БИБЛИОГРАФИИ / УКАЗАТЕЛЯ
Текст примечания Библиогр. в подстроч. примеч.
607 ## - ГЕОГРАФИЧЕСКОЕ НАИМЕНОВАНИЕ КАК ПРЕДМЕТ
Географическое наименование Дзержинский район (Калужская область)
Формальный подзаголовок Съезды, совещания и т. п.
Тематический подзаголовок История
Системный номер авторитетной/нормативной записи 2476310
Идентификатор авторитетной/нормативной записи RU\NLR\AUTH\6601687128
607 ## - ГЕОГРАФИЧЕСКОЕ НАИМЕНОВАНИЕ КАК ПРЕДМЕТ
Географическое наименование Кондрово, город (Калужская область)
Формальный подзаголовок Съезды, совещания и т. п.
Тематический подзаголовок История
Системный номер авторитетной/нормативной записи 2146032
Идентификатор авторитетной/нормативной записи RU\NLR\AUTH\661597566
686 1# - ИНДЕКСЫ ДРУГИХ КЛАССИФИКАЦИЙ
Индекс Т3(2Р-4Калж)я431
702 #1 - ИМЯ ЛИЦА - ВТОРИЧНАЯ ОТВЕТСТВЕННОСТЬ
Код отношения Редактор
Начальный элемент ввода Орлова
Часть имени, кроме начального элемента ввода Е. А.
Дополнения к именам, кроме дат историк, краевед
Расширение инициалов личного имени Елена Алексеевна
Системный номер авторитетной/нормативной записи 229610
Идентификатор авторитетной/нормативной записи RU\NLR\AUTH\770229666
711 12 - НАИМЕНОВАНИЕ ОРГАНИЗАЦИИ - АЛЬТЕРНАТИВНАЯ ОТВЕТСТВЕННОСТЬ
Начальный элемент ввода "От села Кондырево до города Кондрова", районная краеведческая конференция
Порядковый номер временной организации и / или порядковый номер ее части 6
Место проведения временной организации Кондрово
Дата проведения временной организации 2021
Системный номер авторитетной/нормативной записи 872287
Идентификатор авторитетной/нормативной записи RU\NLR\AUTH\880600436
712 02 - НАИМЕНОВАНИЕ ОРГАНИЗАЦИИ - ВТОРИЧНАЯ ОТВЕТСТВЕННОСТЬ
Код отношения Прочие
Начальный элемент ввода Районный краеведческий музей
Идентифицирующий признак Кондрово
Системный номер авторитетной/нормативной записи 744195
Идентификатор авторитетной/нормативной записи RU\NLR\AUTH\880540153
942 ## - ДОПОЛНИТЕЛЬНЫЕ ЭЛЕМЕНТЫ ЗАПИСИ (АБИС)
Тип экземпляра АБИС Книга
980 ## - КОЛЛЕКЦИЯ
Название коллекции НБР
980 ## - КОЛЛЕКЦИЯ
Название коллекции Национальная библиография

Нет доступных экземпляров.